A zsidókérdés Magyarországon politikai eszmetörténet

Bibliographic Details
Main Author: Gyurgyák, János 1956- (Author)
Format: Book
Language:Hungarian
PhysicalDescription:788 s. ilustr. 25 cm
Published: Budapest Osiris 2001
ISBN:9633890276
Subjects:

MARC

LEADER 00000nam a2200000 a 4500
001 vtls001428641
003 SK-MaSNL
005 20260302001828.0
008 240318s2001 hu aa r y hun
015 |a SNBZSA2002-00100 
020 |a 9633890276  |c 4200,00 HUF 
035 |a SNK000383639 
035 |a urn:nbn:sk:snk-amlrpf 
035 |a urn:nbn:sk:snk-am00c47l 
035 |a 91AFF3B1-11F2-4F1C-86AD-593E26D8A92C 
040 |a SNK  |b slo  |c SNK  |e AACR2 
041 0 |a hun 
044 |a HU 
080 |a 943.92:323.12(=924)"18/19"=945. 11  |2 1981 
080 |a 323.12(=924)(439)"18/19"=945.11  |2 1981 
080 |a 930.85(=924)(439)"18/19"=945.11  |2 1981 
100 1 |a Gyurgyák, János  |d 1956-  |4 aut  |9 638351 
245 1 0 |a A zsidókérdés Magyarországon  |b politikai eszmetörténet  |c Gyurgyák János 
260 |a Budapest  |b Osiris  |c 2001 
300 |a 788 s.  |b ilustr.  |c 25 cm 
500 |a Fotogr. na obál. 
504 |a Bibliogr. s. 603-648. Chronológia. Rôzne reg. 
650 0 7 |a Židia  |z Uhorsko  |y 19.-20. stor.  |2 SNK  |9 66326 
650 0 7 |a Židia  |z Maďarsko  |y 19.-20. stor.  |2 SNK  |9 66327 
650 0 7 |a dejiny kultúrne  |x Židia  |z Uhorsko  |y stor. 19.-20.  |2 SNK  |9 638352 
655 7 |a príručky  |2 SNK  |9 74364 
919 |a 963-389-027-6 
958 |a ZS 
958 |a TL 
958 |a NB 
958 |a HU 
999 |c 985486  |d 987416 
952 |a SNK  |b SNK  |y PREZ  |7 0  |p 17A0334217  |o snkSC 107369  |i snkV 252/2002  |8 2  |0 0  |1 0  |4 0  |d 2002-03-01  |f 1  |l 0  |r 2025-09-29 00:00:00  |w 2026-02-24